000 00785nam a2200265 4500
001 1893
010 _a9789897871696
021 _aPT
_b516822/23
090 _a1893
100 _a20250709d2024 c||y0pory50030103ba
101 _apor
102 _aPT
200 _aNão olhes! Não mexas!
_fSteve Patschke
_gil. Roland Garrigue
_gtrad. Raquel Dutra Lopes
205 _a1ª edição
210 _aLisboa
_cNuvem de Letras
_d2024
215 _a[34] p.
_cil.
_d28 cm
300 _aBMB-Registado
304 _aTít. orig.: Don't look at it! Don't touch it!
606 _9863
_aLiteratura Infantil
675 _a087.5
_vBMB
_zpor
700 _aPatschke
_bSteve
_92724
701 _aGarrigu
_bGarrigu
_f1979-
_4440
_92725
702 _aLopes
_bRaquel
_f1983-
_4730
_92726
801 _aPT
_bBMB
_gRPC
990 _cLIVROS